Estimation of wave spectra from wave height and period /

Bibliographic Details
Main Author: Carter, D. J. T.
Corporate Author: Institute of Oceanographic Sciences (Great Britain)
Format: Book
Language:English
Published: Wormley, Surrey : Institute of Oceanographic Sciences, 1982.
Series:Report (Institute of Oceanographic Sciences Deacon Laboratory (Great Britain)) ; no. 135.
Subjects:

MARC

Tag First Indicator Second Indicator Subfields
LEADER 00000cam a2200000 a 4500
001 in00002191421
005 20151104064415.0
008 830615s1982 enka f000 0 eng d
035 |a (OCoLC)ocm09606906 
040 |a OLA  |c OLA  |d TXA  |d UtOrBLW 
049 |a TXAM 
090 |a GC1  |b .I568 no. 135 
100 1 |a Carter, D. J. T. 
245 1 0 |a Estimation of wave spectra from wave height and period /  |c by D.J.T. Carter. 
264 1 |a Wormley, Surrey :  |b Institute of Oceanographic Sciences,  |c 1982. 
300 |a 19 pages, 1 unnumbered page :  |b illustrations ;  |c 30 cm. 
336 |a text  |b txt  |2 rdacontent 
337 |a unmediated  |b n  |2 rdamedia 
338 |a volume  |b nc  |2 rdacarrier 
490 1 |a Report / Institute of Oceanographic Sciences ;  |v no. 135 
504 |a Includes bibliographical references (pages 18-19). 
650 0 |a Ocean waves  |x Spectra. 
650 0 |a Ocean wave forecasting. 
710 2 |a Institute of Oceanographic Sciences (Great Britain) 
830 0 |a Report (Institute of Oceanographic Sciences Deacon Laboratory (Great Britain)) ;  |v no. 135. 
948 |a cataloged  |b h  |c 2006/8/23  |d c  |e dmitchel  |f 8:00:00 am 
994 |a C0  |b TXA 
999 |a MARS 
999 f f |s 6d3ac0a4-542d-3c4d-a123-9830d77ca7de  |i ea24d127-e015-3b1b-9036-943c74aa15fc  |t 0 
952 f f |p ric  |a Texas A&M University  |b Rellis Campus  |c Joint Library Facility  |d Remote Storage  |t 0  |e GC1 .I568 no.135  |h Library of Congress classification  |i unmediated -- volume  |m A14834682815 
998 f f |a GC1 .I568 no.135  |t 0  |l Remote Storage